00234 a2200121 4500001000700000020000600007040001100013100002000024240002800044245002300072300000800095362000900103183285 a  cMagnum aSampaio, Elvira10aViver ciè‚ncias 8lpor10aViver ciè‚ncias 8 a1750 a1990